[Event "Omegna op 4th"]
[Site "Omegna"]
[Date "2016.08.07"]
[Round "5"]
[White "Quirico, Paolo"]
[Black "Tortora, Franco"]
[Result "1-0"]
[WhiteElo "2120"]
[BlackElo "1860"]
[PlyCount "45"]
[EventDate "2016.08.05"]
[EventType "swiss"]
[EventRounds "5"]
[EventCountry "ITA"]
[SourceTitle "EXT 2018"]
[Source "ChessBase"]
[SourceDate "2017.10.13"]
[SourceVersion "1"]
[SourceVersionDate "2017.10.13"]
[SourceQuality "1"]

1. d4 Nf6 2. Bg5 Ne4 3. Bf4 d5 4. e3 e6 5. Bd3 Nf6 6. Nd2 Bd6 7. Bg3 b6 8. c3 0-0 9. Ngf3 Ba6 10. Bc2 Nbd7 11. Ne5 Nb8 12. Bh4 Be7 13. Bxf6 Bxf6 14. f4 g6 15. Qf3 Bb7 16. h4 h5 17. Qg3 Bxe5 18. dxe5 f5 19. exf6 Qxf6 20. 0-0-0 Nc6 21. Rde1 Qe7 22. Qxg6+ Kh8 23. Qxh5+ 1-0

[Event "Omegna op 4th"]
[Site "Omegna"]
[Date "2016.08.06"]
[Round "2"]
[White "Vezzosi, Paolo"]
[Black "Quirico, Paolo"]
[Result "1-0"]
[WhiteElo "2340"]
[BlackElo "2120"]
[PlyCount "69"]
[EventDate "2016.08.05"]
[EventType "swiss"]
[EventRounds "5"]
[EventCountry "ITA"]
[SourceTitle "EXT 2018"]
[Source "ChessBase"]
[SourceDate "2017.10.13"]
[SourceVersion "1"]
[SourceVersionDate "2017.10.13"]
[SourceQuality "1"]

1. d4 e6 2. Nf3 f5 3. g3 Nf6 4. Bg2 Be7 5. c4 d6 6. 0-0 0-0 7. Nc3 Ne4 8. Qc2 Nxc3 9. Qxc3 a5 10. Re1 Nc6 11. b3 e5 12. d5 Nb8 13. Bb2 Nd7 14. a3 Nc5 15. Nd2 Qe8 16. f4 Bf6 17. Qe3 Bd7 18. fxe5 Bxe5 19. Bxe5 Qxe5 20. Qxe5 dxe5 21. b4 axb4 22. axb4 Rxa1 23. Rxa1 Na6 24. Rb1 b6 25. e4 fxe4 26. Bxe4 Bf5 27. Bxf5 Rxf5 28. Kg2 Rf8 29. Ne4 h6 30. b5 Nb8 31. Ra1 Rc8 32. Ra8 Kf8 33. c5 Ke7 34. c6 Rd8 35. d6+ 1-0

[Event "ITA-chT 48th"]
[Site "Civitanova Marche"]
[Date "2016.04.28"]
[Round "3.5"]
[White "Quirico, Paolo"]
[Black "Mrdja, Milan"]
[Result "0-1"]
[WhiteElo "2065"]
[BlackElo "2342"]
[PlyCount "98"]
[EventDate "2016.04.27"]
[EventType "team-swiss"]
[EventRounds "7"]
[EventCountry "ITA"]
[SourceTitle "CBM 172 Extra"]
[Source "ChessBase"]
[SourceDate "2016.06.21"]
[SourceVersion "1"]
[SourceVersionDate "2016.06.21"]
[SourceQuality "1"]
[WhiteTeam "Acqui Terme Collino"]
[BlackTeam "Montebelluna Master"]
[WhiteTeamCountry "ITA"]
[BlackTeamCountry "ITA"]

1. c4 g6 2. g3 Bg7 3. Bg2 e6 4. Nf3 Ne7 5. Nc3 d5 6. cxd5 exd5 7. d4 c6 8. 0-0 0-0 9. Bf4 Nf5 10. Qd2 Re8 11. Rfd1 Nd7 12. g4 Ne7 13. Bh6 Nf8 14. Bxg7 Kxg7 15. h3 Ng8 16. b4 h6 17. a4 g5 18. b5 Ng6 19. e3 f5 20. Nh2 Nf6 21. f3 fxg4 22. hxg4 Be6 23. bxc6 bxc6 24. Ne2 Qd6 25. Rdb1 Bc8 26. Nf1 h5 27. gxh5 Nxh5 28. Nh2 Rh8 29. Qb4 Qe6 30. Ra3 Nh4 31. Ng4 Nf6 32. Nf2 Qd7 33. e4 Ba6 34. e5 Nh5 35. Bh3 Qd8 36. Qd2 Qe7 37. Rab3 Rab8 38. Bg4 Rxb3 39. Rxb3 Kh6 40. Bxh5 Bxe2 41. Qxe2 Kxh5 42. Qd1 Qe6 43. Ng4 Qf5 44. Nf6+ Kg6 45. Ng4 Rf8 46. Nf6 Qf4 47. Qd3+ Nf5 48. Kg2 Qg3+ 49. Kf1 Rh8 0-1

[Event "Omegna op-A 3rd"]
[Site "Omegna"]
[Date "2015.08.08"]
[Round "3"]
[White "Quirico, Paolo"]
[Black "Migliorini, Matteo"]
[Result "1/2-1/2"]
[WhiteElo "2110"]
[BlackElo "2183"]
[PlyCount "26"]
[EventDate "2015.08.07"]
[EventType "swiss"]
[EventRounds "5"]
[EventCountry "ITA"]
[SourceTitle "EXT 2024"]
[Source "ChessBase"]
[SourceDate "2023.10.10"]
[SourceVersion "1"]
[SourceVersionDate "2023.10.10"]
[SourceQuality "1"]

1. d4 Nf6 2. Bg5 c5 3. d5 Ne4 4. Bf4 Qb6 5. Nd2 Qxb2 6. Nxe4 Qb4+ 7. c3 Qxe4 8. e3 g5 9. Bg3 Bg7 10. Rc1 d6 11. Nf3 Qg6 12. Bd3 f5 13. h4 h6 1/2-1/2

[Event "Omegna op-A 3rd"]
[Site "Omegna"]
[Date "2015.08.07"]
[Round "1"]
[White "Ricciardi, Arcangelo"]
[Black "Quirico, Paolo"]
[Result "0-1"]
[WhiteElo "1829"]
[BlackElo "2110"]
[PlyCount "86"]
[EventDate "2015.08.07"]
[EventType "swiss"]
[EventRounds "5"]
[EventCountry "ITA"]
[SourceTitle "EXT 2024"]
[Source "ChessBase"]
[SourceDate "2023.10.10"]
[SourceVersion "1"]
[SourceVersionDate "2023.10.10"]
[SourceQuality "1"]

1. e4 e6 2. Nf3 d5 3. exd5 exd5 4. d4 Bd6 5. Bd3 Nc6 6. Nc3 Nge7 7. 0-0 Bg4 8. Nb5 f6 9. Nxd6+ Qxd6 10. c3 0-0-0 11. b4 h5 12. a4 g5 13. b5 Na5 14. Ba3 Qd7 15. Bxe7 Qxe7 16. Re1 Qd7 17. Re3 Rde8 18. Qd2 Rxe3 19. fxe3 Bf5 20. Rf1 Bxd3 21. Qxd3 Qe6 22. Nd2 Re8 23. Re1 f5 24. Kf2 Nc4 25. Nxc4 dxc4 26. Qc2 g4 27. Rb1 f4 28. e4 g3+ 29. Kg1 Qxe4 30. Qxe4 Rxe4 31. hxg3 fxg3 32. Kf1 Re3 33. Rc1 Kd7 34. Re1 Rxe1+ 35. Kxe1 Ke6 36. Ke2 Kf5 37. Kf3 h4 38. a5 a6 39. bxa6 bxa6 40. d5 Kg5 41. Ke2 Kg4 42. Ke3 h3 43. gxh3+ Kxh3 0-1

[Event "Robecchetto op-A 26th"]
[Site "Robecchetto"]
[Date "2015.07.26"]
[Round "4"]
[White "Quirico, Paolo"]
[Black "Roth, Antoine"]
[Result "1-0"]
[WhiteElo "2110"]
[BlackElo "1923"]
[PlyCount "59"]
[EventDate "2015.07.24"]
[EventType "swiss"]
[EventRounds "5"]
[EventCountry "ITA"]
[SourceTitle "EXT 2016"]
[Source "ChessBase"]
[SourceDate "2015.10.08"]
[SourceVersion "1"]
[SourceVersionDate "2015.10.08"]
[SourceQuality "1"]

1. d4 d5 2. c4 e6 3. Nf3 c5 4. cxd5 exd5 5. g3 Nc6 6. Bg2 Nf6 7. 0-0 Be7 8. Nc3 0-0 9. Bg5 cxd4 10. Nxd4 h6 11. Bf4 a6 12. Rc1 Bg4 13. h3 Be6 14. Qa4 Qd7 15. Nxe6 fxe6 16. Rfd1 b5 17. Qc2 Rac8 18. Qb1 Qa7 19. Qg6 Bc5 20. e3 Ne7 21. Qd3 g5 22. Be5 Nd7 23. Bd4 Bxd4 24. exd4 b4 25. Ne2 Rxc1 26. Rxc1 e5 27. Bxd5+ Nxd5 28. Qg6+ Kh8 29. Qxh6+ Kg8 30. Qe6+ 1-0

[Event "Robecchetto op-A 26th"]
[Site "Robecchetto"]
[Date "2015.07.25"]
[Round "3"]
[White "Zito, Riccardo"]
[Black "Quirico, Paolo"]
[Result "1-0"]
[WhiteElo "1936"]
[BlackElo "2110"]
[PlyCount "79"]
[EventDate "2015.07.24"]
[EventType "swiss"]
[EventRounds "5"]
[EventCountry "ITA"]
[SourceTitle "EXT 2016"]
[Source "ChessBase"]
[SourceDate "2015.10.08"]
[SourceVersion "1"]
[SourceVersionDate "2015.10.08"]
[SourceQuality "1"]

1. e4 e6 2. d4 d5 3. e5 c5 4. c3 Nc6 5. Nf3 Qb6 6. a3 Nh6 7. b4 cxd4 8. cxd4 Nf5 9. Bb2 Bd7 10. Be2 Be7 11. Qd3 Na5 12. Nbd2 Rc8 13. 0-0 Nc4 14. Bc3 0-0 15. g4 Nh4 16. Nxh4 Bxh4 17. Nf3 Be7 18. Bd2 Nxd2 19. Nxd2 a6 20. Qe3 Bb5 21. Bxb5 Qxb5 22. f4 f5 23. exf6 Rxf6 24. g5 Rf7 25. Qxe6 Rc6 26. Qe3 Bd6 27. f5 Re7 28. Qf3 Rc2 29. Rf2 Qc6 30. Raf1 Rc3 31. Qg4 Rxa3 32. g6 Ree3 33. gxh7+ Kh8 34. Kh1 Qd7 35. Qg5 Qf7 36. f6 g6 37. Rf3 Bxb4 38. Rxe3 Bxd2 39. Re7 Bxg5 40. Rxf7 1-0

[Event "Robecchetto op-A 25th"]
[Site "Robecchetto"]
[Date "2014.12.28"]
[Round "4"]
[White "Mouflih, Caesar Faycal"]
[Black "Quirico, Paolo"]
[Result "1/2-1/2"]
[WhiteElo "2023"]
[BlackElo "2114"]
[PlyCount "71"]
[EventDate "2014.12.26"]
[EventType "swiss"]
[EventRounds "6"]
[EventCountry "ITA"]
[SourceTitle "EXT 2017"]
[Source "ChessBase"]
[SourceDate "2016.10.25"]
[SourceVersion "1"]
[SourceVersionDate "2016.10.25"]
[SourceQuality "1"]

1. e4 c5 2. Nf3 g6 3. c3 Bg7 4. d4 cxd4 5. cxd4 d5 6. e5 Nc6 7. Nc3 Bg4 8. Be2 e6 9. 0-0 Nge7 10. Bg5 0-0 11. Rc1 Bxf3 12. Bxf3 f6 13. exf6 Bxf6 14. Bxf6 Rxf6 15. Re1 Qb6 16. Bg4 Kf7 17. Na4 Qxd4 18. Qxd4 Nxd4 19. Rc7 h5 20. Bh3 b6 21. Nc3 Ndc6 22. f4 Rc8 23. Nxd5 Rxc7 24. Nxc7 Rxf4 25. Nxe6 Rb4 26. b3 Rb5 27. Rf1+ Nf5 28. Bxf5 Rxf5 29. Rxf5+ gxf5 30. Nf4 h4 31. Kf2 Nb4 32. a3 Nc2 33. a4 Kf6 34. Nd3 a5 35. g3 hxg3+ 36. Kxg3 1/2-1/2

[Event "Omegna op-A 2nd"]
[Site "Omegna"]
[Date "2014.08.10"]
[Round "5"]
[White "Vianin, Pascal"]
[Black "Quirico, Paolo"]
[Result "0-1"]
[WhiteElo "2189"]
[BlackElo "2104"]
[PlyCount "62"]
[EventDate "2014.08.08"]
[EventType "swiss"]
[EventRounds "5"]
[EventCountry "ITA"]
[SourceTitle "EXT 2024"]
[Source "ChessBase"]
[SourceDate "2023.10.10"]
[SourceVersion "1"]
[SourceVersionDate "2023.10.10"]
[SourceQuality "1"]

1. e4 c5 2. Nf3 g6 3. d4 cxd4 4. Qxd4 Nf6 5. Nc3 Nc6 6. Qa4 d6 7. e5 Ng4 8. Bf4 Bg7 9. exd6 0-0 10. Be2 e5 11. Bd2 Qxd6 12. h3 Nf6 13. 0-0-0 Qb8 14. Be3 a6 15. Qh4 b5 16. Ng5 h6 17. Nge4 Nxe4 18. Nxe4 Nd4 19. Rxd4 exd4 20. Bxh6 Qe5 21. Bf3 Bxh6+ 22. Qxh6 Ra7 23. g4 Qg7 24. Qh4 f6 25. Nc5 Rd8 26. g5 fxg5 27. Qxg5 Rd6 28. Rg1 Bf5 29. h4 Rc7 30. b4 d3 31. cxd3 Qc3+ 0-1

[Event "Torino Martedi-A 3rd"]
[Site "Torino"]
[Date "2013.10.29"]
[Round "7"]
[White "Boetto, Massimo"]
[Black "Quirico, Paolo"]
[Result "1/2-1/2"]
[WhiteElo "1999"]
[BlackElo "2118"]
[PlyCount "20"]
[EventDate "2013.09.17"]
[EventType "tourn"]
[EventRounds "7"]
[EventCountry "ITA"]
[SourceTitle "EXT 2015"]
[Source "ChessBase"]
[SourceDate "2014.11.20"]
[SourceVersion "1"]
[SourceVersionDate "2014.11.20"]
[SourceQuality "1"]

1. e4 c5 2. Nf3 g6 3. d4 cxd4 4. Nxd4 Nc6 5. Nc3 Bg7 6. Be3 Nf6 7. Be2 0-0 8. 0-0 d5 9. exd5 Nxd5 10. Nxd5 Nxd4 1/2-1/2

[Event "Torino-ch op 29th"]
[Site "Torino"]
[Date "2013.01.28"]
[Round "3"]
[White "Quirico, Paolo"]
[Black "Pepino, Enrico"]
[Result "0-1"]
[WhiteElo "2118"]
[BlackElo "2157"]
[PlyCount "112"]
[EventDate "2013.01.14"]
[EventType "swiss"]
[EventRounds "7"]
[EventCountry "ITA"]
[SourceTitle "EXT 2014"]
[Source "ChessBase"]
[SourceDate "2013.11.20"]
[SourceVersion "1"]
[SourceVersionDate "2013.11.20"]
[SourceQuality "1"]

1. c4 g6 2. g3 Bg7 3. Bg2 c5 4. Nc3 Nc6 5. d3 Nf6 6. e4 d6 7. Nge2 Bd7 8. h3 Qc8 9. Be3 a6 10. Qd2 h5 11. Rb1 e5 12. Bg5 Nd4 13. Nxd4 cxd4 14. Ne2 Rb8 15. Rc1 Be6 16. Qb4 Qc5 17. Qxc5 dxc5 18. 0-0 Nd7 19. Bd2 b5 20. cxb5 axb5 21. b3 0-0 22. f4 Bh6 23. Rc2 f5 24. fxe5 Bxd2 25. Rxd2 Nxe5 26. Nf4 Bd7 27. Rc1 Rbc8 28. Nd5 Kg7 29. Nb6 Rc7 30. Nxd7 Nxd7 31. b4 Rfc8 32. exf5 gxf5 33. bxc5 Rxc5 34. Rxc5 Rxc5 35. Kf2 Ne5 36. Bf3 Kg6 37. Ke2 Rc3 38. Bb7 h4 39. gxh4 Kh5 40. Ba6 Kxh4 41. Bxb5 Kg3 42. Ba4 f4 43. Bd1 Kxh3 44. Kf2 Kh4 45. Be2 Ra3 46. Kg2 Kg5 47. Kf2 Kf5 48. Kg2 Ra8 49. Rb2 Rg8+ 50. Kf2 f3 51. Bf1 Kf4 52. Rb4 Ng4+ 53. Ke1 Ke3 54. Rb7 Re8 55. Rb2 Rc8 56. Kd1 Nf2+ 0-1

[Event "Torino-ch op 29th"]
[Site "Torino"]
[Date "2013.01.21"]
[Round "2"]
[White "Abbura, Davide"]
[Black "Quirico, Paolo"]
[Result "0-1"]
[WhiteElo "1703"]
[BlackElo "2118"]
[PlyCount "52"]
[EventDate "2013.01.14"]
[EventType "swiss"]
[EventRounds "7"]
[EventCountry "ITA"]
[SourceTitle "EXT 2014"]
[Source "ChessBase"]
[SourceDate "2013.11.20"]
[SourceVersion "1"]
[SourceVersionDate "2013.11.20"]
[SourceQuality "1"]

1. e4 c5 2. Nc3 g6 3. g3 Bg7 4. Nge2 Nc6 5. Bg2 d6 6. 0-0 e5 7. d3 Nge7 8. Be3 0-0 9. Qc1 Nd4 10. h3 Rb8 11. Qd2 Bxh3 12. Nd1 Qd7 13. Nxd4 cxd4 14. Bh6 Nc6 15. Kh2 Bxg2 16. Kxg2 f6 17. Rh1 Rf7 18. Bxg7 Rxg7 19. f3 Rf8 20. Nf2 f5 21. Rh6 Qf7 22. Rf1 d5 23. a3 fxe4 24. fxe4 Qf3+ 25. Kh2 Qe3 26. Qxe3 dxe3 0-1

[Event "Torino Epifania op"]
[Site "Torino"]
[Date "2013.01.03"]
[Round "2"]
[White "Nastro, Federico"]
[Black "Quirico, Paolo"]
[Result "0-1"]
[WhiteElo "1761"]
[BlackElo "2118"]
[PlyCount "78"]
[EventDate "2013.01.02"]
[EventType "swiss"]
[EventRounds "6"]
[EventCountry "ITA"]
[SourceTitle "EXT 2014"]
[Source "ChessBase"]
[SourceDate "2013.11.20"]
[SourceVersion "1"]
[SourceVersionDate "2013.11.20"]
[SourceQuality "1"]

1. e4 e6 2. d4 d5 3. Nd2 Nf6 4. e5 Nfd7 5. Bd3 c5 6. c3 Nc6 7. Ngf3 Be7 8. 0-0 g5 9. dxc5 Ndxe5 10. Bb5 Bd7 11. Nb3 Nxf3+ 12. Qxf3 Ne5 13. Qe2 Bxb5 14. Qxb5+ Qd7 15. Qe2 Nc6 16. f4 gxf4 17. Bxf4 0-0-0 18. a4 Rhg8 19. a5 a6 20. Be3 Rg7 21. Bd4 Nxd4 22. cxd4 Rdg8 23. Rf2 Bh4 24. Rf4 Rxg2+ 25. Qxg2 Rxg2+ 26. Kxg2 Bg5 27. Rf3 Qb5 28. Raf1 f6 29. Kg3 f5 30. h4 Bh6 31. Kh3 Qe2 32. R1f2 Qe4 33. Rg3 Qh1+ 34. Rh2 Qf1+ 35. Rhg2 Bf4 36. Rg8+ Kc7 37. R8g7+ Kc6 38. R7g3 Bxg3 39. Kxg3 Qd3+ 0-1

[Event "Torino Province-ch"]
[Site "Torino"]
[Date "2012.03.27"]
[Round "6"]
[White "Quirico, Paolo"]
[Black "Baruffa, Marino"]
[Result "1-0"]
[WhiteElo "2159"]
[BlackElo "1918"]
[PlyCount "95"]
[EventDate "2012.02.21"]
[EventType "swiss"]
[EventRounds "7"]
[EventCountry "ITA"]
[SourceTitle "EXT 2015"]
[Source "ChessBase"]
[SourceDate "2014.11.20"]
[SourceVersion "1"]
[SourceVersionDate "2014.11.20"]
[SourceQuality "1"]

1. d4 Nf6 2. Nf3 g6 3. Bf4 Bg7 4. e3 0-0 5. Be2 d6 6. c4 c5 7. Nc3 cxd4 8. exd4 Bg4 9. 0-0 Nbd7 10. h3 Bxf3 11. Bxf3 Qc8 12. b3 e5 13. Bh2 Re8 14. Nb5 Bf8 15. dxe5 dxe5 16. Nd6 Bxd6 17. Qxd6 Re6 18. Qd2 e4 19. Be2 Qc5 20. Rad1 Ne5 21. Qd4 Qxd4 22. Rxd4 Nc6 23. Rd2 Rd8 24. Rfd1 Ree8 25. Bf4 Rxd2 26. Rxd2 Rd8 27. Rxd8+ Nxd8 28. f3 Ne6 29. Be3 b6 30. Kf2 Kg7 31. a3 Kf8 32. b4 Ke7 33. Bd1 Kd6 34. Bd2 exf3 35. Bxf3 Nd7 36. Bc3 Ne5 37. Bd5 f6 38. Ke3 Nc7 39. Bg8 h6 40. g4 Ne6 41. Bxe5+ Kxe5 42. Bxe6 Kxe6 43. Ke4 Kd6 44. h4 a5 45. h5 f5+ 46. gxf5 axb4 47. c5+ bxc5 48. axb4 1-0

[Event "Torino Bombelli Memorial 11th"]
[Site "Torino"]
[Date "2011.09.11"]
[Round "5"]
[White "Martin, Tiziano"]
[Black "Quirico, Paolo"]
[Result "1/2-1/2"]
[WhiteElo "1948"]
[BlackElo "2191"]
[PlyCount "146"]
[EventDate "2011.09.09"]
[EventType "swiss"]
[EventRounds "5"]
[EventCountry "ITA"]
[SourceTitle "EXT 2023"]
[Source "ChessBase"]
[SourceDate "2022.10.05"]
[SourceVersion "1"]
[SourceVersionDate "2022.10.05"]
[SourceQuality "1"]

1. d4 Nf6 2. Nf3 c5 3. c3 d5 4. dxc5 e6 5. b4 a5 6. e3 axb4 7. cxb4 b6 8. Bb5+ Bd7 9. Bxd7+ Nbxd7 10. 0-0 bxc5 11. bxc5 Bxc5 12. Bb2 0-0 13. Nbd2 Qb6 14. Nb3 Ba3 15. Bxa3 Rxa3 16. Qc2 Rfa8 17. Rfb1 h6 18. h3 Qa6 19. Nc1 Ne4 20. Rb3 Ra4 21. Qb2 Nd6 22. Ne5 Nc4 23. Nxc4 Rxc4 24. Nd3 Rac8 25. Rb7 Nc5 26. Nxc5 R8xc5 27. Rb8+ Kh7 28. Qb1+ Rc2 29. a4 Qe2 30. Qf1 Qd2 31. Rbb1 e5 32. a5 Ra2 33. Rxa2 Qxa2 34. Ra1 Qc4 35. a6 Rc8 36. Qb1+ e4 37. Qb7 Qc3 38. Rb1 Qc6 39. a7 Qxb7 40. Rxb7 Rc1+ 41. Kh2 Ra1 42. Rxf7 Kg6 43. Rd7 Kf6 44. Kg3 g6 45. h4 Ra2 46. Rd6+ Kf7 47. Rxd5 Rxa7 48. Rd4 Re7 49. Kf4 g5+ 50. hxg5 hxg5+ 51. Kxg5 Re6 52. Rd7+ Ke8 53. Ra7 Rb6 54. Ra4 Kf7 55. Rxe4 Rg6+ 56. Kf4 Rxg2 57. f3 Rh2 58. Kg4 Rg2+ 59. Kf5 Re2 60. f4 Re1 61. Ke5 Re2 62. f5 Re1 63. Kd5 Kf6 64. Re5 Ra1 65. Re6+ Kxf5 66. e4+ Kg5 67. Rb6 Ra5+ 68. Kd4 Ra4+ 69. Kd5 Ra5+ 70. Kd6 Kf4 71. Rb4 Re5 72. Ra4 Rxe4 73. Rxe4+ Kxe4 1/2-1/2

[Event "Torino Bombelli Memorial 11th"]
[Site "Torino"]
[Date "2011.09.11"]
[Round "4"]
[White "Quirico, Paolo"]
[Black "Manunta, Andrea"]
[Result "1-0"]
[WhiteElo "2191"]
[BlackElo "1770"]
[PlyCount "163"]
[EventDate "2011.09.09"]
[EventType "swiss"]
[EventRounds "5"]
[EventCountry "ITA"]
[SourceTitle "EXT 2023"]
[Source "ChessBase"]
[SourceDate "2022.10.05"]
[SourceVersion "1"]
[SourceVersionDate "2022.10.05"]
[SourceQuality "1"]

1. d4 e6 2. Nf3 Nf6 3. Bf4 b6 4. e3 Bb7 5. Bd3 Bb4+ 6. c3 Be7 7. h3 d6 8. Nbd2 Nbd7 9. e4 c5 10. 0-0 0-0 11. Qe2 Qc7 12. Rfe1 e5 13. Bh2 Rfe8 14. dxe5 dxe5 15. Bc4 h6 16. Bb3 Bf8 17. Qc4 Re7 18. Nh4 Nb8 19. Ng6 Ba6 20. Nxe7+ Qxe7 21. Qxf7+ Qxf7 22. Bxf7+ Kxf7 23. Bxe5 Nbd7 24. Bxf6 gxf6 25. c4 Bd6 26. Rad1 Ne5 27. b3 Rg8 28. Re3 Bb7 29. Nf1 Ke7 30. Ng3 Bc8 31. Nf5+ Bxf5 32. exf5 Kd7 33. f4 Nc6 34. Re6 Nd4 35. Rxf6 Bxf4 36. Rf7+ Kc6 37. Rxa7 Be3+ 38. Kh2 Bf4+ 39. Kg1 Nf3+ 40. Kf2 Nd4 41. Kg1 Bg5 42. Kf2 Re8 43. Kf1 Bh4 44. Rg7 Nxf5 45. Rg6+ Kc7 46. Rb1 Rf8 47. Kg1 Bg5 48. Rf1 Be3+ 49. Kh2 Bd4 50. Re6 Kd7 51. Re2 Rf6 52. g4 Nd6 53. Rxf6 Bxf6 54. Kg3 Nf7 55. Kf4 Bg5+ 56. Kf5 Nd8 57. Kg6 Ne6 58. Rh2 Nf4+ 59. Kf7 Nd3 60. Kg7 Nf4 61. Kh7 Ne6 62. h4 Bf4 63. Rf2 Be3 64. Rf7+ Kd6 65. Rf6 Ke7 66. Rf3 Bd2 67. Kg6 Nf8+ 68. Kf5 Ne6 69. Rd3 Nd4+ 70. Kg6 Bf4 71. g5 hxg5 72. hxg5 Ne6 73. Rd1 Bxg5 74. Re1 Bh4 75. Re4 Bf6 76. Kf5 Bd4 77. Rxe6+ Kd7 78. Rxb6 Kc7 79. Rg6 Kd7 80. Ke4 Kc7 81. Kd5 Kd7 82. Rc6 1-0

[Event "Turin-ch 27th"]
[Site "Turin"]
[Date "2011.01.17"]
[Round "1"]
[White "Tomanin, Roberto"]
[Black "Quirico, Paolo"]
[Result "0-1"]
[WhiteElo "1642"]
[BlackElo "2156"]
[PlyCount "61"]
[EventDate "2011.01.17"]
[EventType "swiss"]
[EventRounds "7"]
[EventCountry "ITA"]
[SourceTitle "EXT 2012"]
[Source "ChessBase"]
[SourceDate "2011.11.24"]
[SourceVersion "1"]
[SourceVersionDate "2011.11.24"]
[SourceQuality "1"]

1. d4 Nf6 2. Bf4 e6 3. e3 b6 4. Bd3 Bb7 5. Nf3 Be7 6. Nbd2 d6 7. c3 Nh5 8. Bg3 Nd7 9. Qe2 a6 10. e4 c5 11. 0-0-0 b5 12. e5 cxd4 13. Nxd4 Nxg3 14. fxg3 Nxe5 15. N2f3 Nxd3+ 16. Rxd3 Qa5 17. Kb1 Bd5 18. b4 Qc7 19. Nd2 0-0 20. h4 Rfb8 21. Re3 Bf6 22. Rc1 Bxa2+ 23. Kxa2 Bxd4 24. Rd3 Be5 25. Nb3 Qc4 26. Kb2 a5 27. Nxa5 Qxb4+ 28. Nb3 Qa3+ 29. Kc2 Qa2+ 30. Kd1 Qxb3+ 31. Ke1 0-1

[Event "Turin Epifania op 36th"]
[Site "Turin"]
[Date "2011.01.08"]
[Round "5"]
[White "Barletta, Mauro"]
[Black "Quirico, Paolo"]
[Result "1/2-1/2"]
[WhiteElo "2247"]
[BlackElo "2156"]
[PlyCount "22"]
[EventDate "2011.01.05"]
[EventType "swiss"]
[EventRounds "7"]
[EventCountry "ITA"]
[SourceTitle "EXT 2012"]
[Source "ChessBase"]
[SourceDate "2011.11.24"]
[SourceVersion "1"]
[SourceVersionDate "2011.11.24"]
[SourceQuality "1"]

1. d4 Nf6 2. Bg5 d5 3. Nc3 e6 4. Nf3 Nbd7 5. a3 b6 6. e3 Bb7 7. Bd3 Be7 8. Qe2 Ne4 9. Bxe7 Qxe7 10. Ba6 Nxc3 11. bxc3 Bxa6 1/2-1/2